all fall out boy songs till novemeber 2023 - Statistics

General Stats
  • This quiz has been taken 22 times
  • The average score is 28 of 118
Answer Stats
Album Song % Correct
take this to your grave grand theft autumn/where is your boy
71%
take this to your grave dead on arrival
67%
take this to your grave saturday
67%
folie à deux i don't care
62%
american beauty/american psycho centuries
57%
from under the cork tree dance, dance
57%
from under the cork tree sugar, we're goin down
57%
infinity on high thnks fr th mmrs
52%
from under the cork tree XO
52%
american beauty/american psycho american beauty/american psycho
48%
so much (for) stardust so much (for) stardust
48%
infinity on high this ain't a scene, it's an arms race
48%
take this to your grave chicago is so two years ago
43%
infinity on high hum hallelujah
43%
save rock and roll my songs know what you did in the dark (light em up)
43%
save rock and roll the phoenix
43%
american beauty/american psycho uma thurman
43%
folie à deux america's suitehearts
38%
folie à deux disloyal order of water buffaloes
38%
take this to your grave (bonus tracks) grand theft autumn/where is your by (dance remix)
38%
folie à deux headfirst slide into cooperstown on a bad bet
38%
take this to your grave homesick at space camp
38%
so much (for) stardust love from the other side
38%
take this to your grave tell that mick he just made my list of things to do today
38%
take this to your grave the patron saint of liars and fakes
38%
save rock and roll young volcanoes
38%
folie à deux 27
33%
from under the cork tree a little less sixteen candles, a little more "touch me"
33%
folie à deux (coffee's for closers)
33%
save rock and roll death valley
33%
so much (for) stardust fake out
33%
so much (for) stardust hold me like a grudge
33%
infinity on high i'm like a lawyer with the way i'm always trying to get you off (me & you)
33%
american beauty/american psycho irresistible
33%
from under the cork tree our lawyer made us change the name of this song so we wouldn't get sued
33%
folie à deux she's my winona
33%
infinity on high the carpal tunnel of love
33%
take this to your grave the pros and cons of breathing
33%
infinity on high the take over, the breaks over
33%
infinity on high you're crashing, but you're no wave
33%
infinity on high bang the doldrums
29%
take this to your grave calm before the storm
29%
so much (for) stardust heartbreak feels so good
29%
so much (for) stardust heaven, iowa
29%
american beauty/american psycho immortals
29%
from under the cork tree i slept with someone in fall out boy and all i got was this stupid song written about me
29%
from under the cork tree nobody puts baby in the corner
29%
folie à deux (deluxe edition) pavlove
29%
take this to your grave reinventing the wheel to run myself over
29%
from under the cork tree (limited "black clouds and underdogs" edition) the music or the misery
29%
folie à deux w.a.m.s.
29%
save rock and roll alone together
24%
mania bishops knife trick
24%
mania champion
24%
american beauty/american psycho fourth of july
24%
infinity on high golden
24%
mania hold me tight or don't
24%
save rock and roll miss missing you
24%
american beauty/american psycho novocaine
24%
mania the last of the real ones
24%
folie à deux the (shipped) gold standard
24%
so much (for) stardust we didn't start the fire
24%
save rock and roll where did the party go
24%
save rock and roll (PAX AM days edition disc 2) caffeine cold
19%
from under the cork tree champagne for my real friends, real pain for my sham friends
19%
infinity on high don't you know who i think i am?
19%
american beauty/american psycho favorite record
19%
so much (for) stardust flu game
19%
from under the cork tree get busy living or get busy dying (do your part to save the scene and stop going to shows)
19%
american beauty/american psycho jet pack blues
19%
take this to your grave sending postcards from a plane crash (wish you were here)
19%
so much (for) stardust so good right now
19%
american beauty/american psycho the kids aren't alright
19%
american beauty/american psycho twin skeleton's (hotel in NYC)
19%
so much (for) stardust what a time to be alive
19%
from under the cork tree 7 minutes in heaven (atavan halen)
14%
so much (for) stardust baby annihilation
14%
mania church
14%
infinity on high fame < infamy
14%
mania heaven's gate
14%
from under the cork tree i've got a dark alley and a bad idea that says you should shut your mouth (summer song)
14%
infinity on high i've got all this ringing in my ears and none on my fingers
14%
from under the cork tree of all the gin joints in all the world
14%
from under the cork tree (limited "black clouds and underdogs" edition) snitches and talkers get stitches and walkers
14%
from under the cork tree sophomore slump or comeback of the year
14%
mania wilson (expensive mistakes)
14%
mania young and menace
14%
save rock and roll (PAX AM days edition disc 2) love, sex, death
10%
infinity on high the (after) life of the party
10%
save rock and roll (PAX AM days edition disc 2) american made
5%
from under the cork tree (limited "black clouds and underdogs" edition) dance, dance (lindbergh palace remix)
5%
save rock and roll (PAX AM days edition disc 2) demigods
5%
save rock and roll (PAX AM days edition disc 2) eternal summer
5%
save rock and roll (PAX AM days edition disc 2) hot to the touch, cold on the inside
5%
from under the cork tree (limited "black clouds and underdogs" edition) my heart is the worst kind of weapon (demo)
5%
from under the cork tree (limited "black clouds and underdogs" edition) sugar, we're goin down (patrick stump remix)
5%
so much (for) stardust the kintsugi kid (ten years)
5%
featuring 20 dollar nose bleed (feat. brendon urie)
0%
folie à deux (deluxe edition) america's suitehearts (acoustic)
0%
folie à deux (deluxe edition) america's suitehearts (south rakkas remix)
0%
save rock and roll (PAX AM days edition disc 2) art of keeping up disappearances
0%
featuring grenade jumper (feat. jeff warren)
0%
so much (for) stardust i am my only muse
0%
folie à deux (deluxe edition) i don't care (machine shop remix)
0%
featuring just one yesterday (feat. foxes)
0%
featuring rat a tat (feat. courtney love)
0%
take this to your grave (bonus tracks) roxanne (the police cover)
0%
featuring save rock and roll (feat. elton john)
0%
mania say frosty royal milk tea
0%
featuring sunshine riptide (feat. burna boy)
0%
featuring the mighty fall (feat. big sean)
0%
featuring the pink seashell (feat. ethan hawke)
0%
featuring thriller (feat jay-z)
0%
featuring tiffany blews (feat. lil wayne & alex deleon)
0%
featuring west coast smoker (feat. debbie harry)
0%
save rock and roll (PAX AM days edition disc 2) we were doomed from the start (the king is dead)
0%
folie à deux (deluxe edition) what a catch, donnie (acoustic)
0%
featuring what a catch, donnie (feat. brendon urie, alex deleon, will beckett, elvis costello, travis mccoy, doug neumann & gabe saporta)
0%
No matching quizzes found
Score Distribution
Percent of People with Each Score
Percentile by Number Answered
Your Score History
You have not taken this quiz